| 000 | 00943nam a2200253 b 4500 | ||
|---|---|---|---|
| 001 | 00000000095050 | ||
| 003 | OSt | ||
| 005 | 20131114175846.0 | ||
| 008 | 020226s2005 mex spa | ||
| 020 | _a970-26-0551-2 | ||
| 040 |
_aVA-BCL _b, spa _cBMC |
||
| 082 | _a658.154 | ||
| 245 | 0 | 0 |
_aPresupuestos _b: planificación y control de utilidades _cGlenn A. Welsch ... [et al.] ; traducción, Julián Vázquez Prada Gutiérrez ; revisión técnica, Lourdes Linares Castro |
| 250 | _a6ª ed | ||
| 260 |
_aNaucalpan de Juárez (México) [etc.] _bPearson Educación _c2005 |
||
| 300 |
_aXX, 474 p. _c26 cm _e+ 1 disco compacto |
||
| 500 | _aÍndice: p. [471]-474 | ||
| 594 | _1Traducción de: Budgeting : profit planning and control, 5th ed. | ||
| 650 | 2 | 4 |
_aControl presupuestario _99171 |
| 700 | 1 |
_aWelsch, Glenn A. _99172 |
|
| 700 | 1 |
_aVázquez Prada, Julián _99175 |
|
| 700 | 1 |
_aLinares Castro, Lourdes _99176 |
|
| 942 |
_2ddc _cBK |
||
| 999 |
_c4020 _d4020 |
||